| 000 | 00628nam a2200217 i 4500 | ||
|---|---|---|---|
| 001 | 104372 | ||
| 003 | ES-MaACL | ||
| 005 | 20230906183602.0 | ||
| 007 | t| | ||
| 008 | 051129s1972 sp ||||1| spa d | ||
| 100 | 1 |
_aMillar, Susana. _981169 |
|
| 245 | 1 | 0 |
_aPsicología del juego infantil / _cSusana Millar; [traducido por Pepa Odena]. |
| 250 | _a[1ª ed.]. | ||
| 260 |
_aBarcelona : _bFontanella, _c1972. |
||
| 300 |
_a252 p. ; _c23 cm. |
||
| 490 | 1 |
_aConducta humana ; _v9 |
|
| 700 | 1 |
_aOdena, Pepa. _986521 |
|
| 830 | 0 |
_aConducta humana ; _v9 _9181363 |
|
| 852 |
_aES-MaACL _jC-43341 _bR.80694 |
||
| 999 |
_c104372 _d104372 |
||